[Event "Liape Open-016 email"]
[Site "Liape email"]
[Date "2003.09.15"]
[Round "?"]
[White "Navarro Trillos, Jairo"]
[Black "Ladetto, Dino Luis"]
[Result "1/2-1/2"]
[WhiteElo "1600"]
[BlackElo "1600"]
[PlyCount "54"]
[EventDate "2003.??.??"]
[EventType "tourn (corr)"]
[EventRounds "4"]
[EventCountry "ARG"]
[SourceTitle "Corr 2006"]
[Source "ChessBase"]
[SourceDate "2006.04.01"]
[SourceVersion "3"]
[SourceVersionDate "2006.04.01"]
[SourceQuality "1"]

1. e4 e5 2. Nf3 Nc6 3. Nc3 Bb4 4. Nd5 Nf6 5. c3 Be7 6. d3 d6 7. Be2 Be6 8. Qb3 Na5 9. Qa4+ Nc6 10. Qc4 a6 11. Ng5 Nxd5 12. Nxe6 fxe6 13. exd5 exd5 14. Qxd5 Qd7 15. b4 Bf6 16. Bf3 Nd8 17. 0-0 c6 18. Qe4 0-0 19. Bg4 Qe7 20. Bf5 g6 21. Qg4 Bg7 22. Bd7 d5 23. Bg5 Qd6 24. f4 Rf7 25. Bc8 Rf8 26. Bd7 Rf7 27. Bc8 Rf8 1/2-1/2